000 00700nam a2200289Ia 4500
005 20260324123731.0
008 008 260324s9999 xx 000 0 eng d
020 _a9780429092374
037 _aEBOOK
040 _aCRL
040 _beng
040 _cCRL
041 _2eng
041 _aeng
084 _qCRL
100 _aYu-Kwong Ricky Kwok
_91171447
245 0 _aPeer-to-Peer Computing
245 0 _bApplications, Architecture, Protocols, and Challenges
260 _bTaylor and Francis
260 _c2011
365 _a
365 _b195
856 _uhttp://www.taylorfrancis.com/books/9780429092374
942 _cEBOOK
999 _c1765212
_d1765212